100 DC Comic Book Super-Villains - Statistics

General Stats
  • This quiz has been taken 3,091 times
    2,163 since last reset
  • The average score is 30 of 100
Answer Stats
# Supervillain % Correct
1 Joker
99%
2 Lex Luthor
89%
21 Harley Quinn
86%
33 Penguin
83%
20 Bane
80%
17 Riddler
80%
34 Poison Ivy
78%
14 Catwoman
77%
29 Mr. Freeze
77%
9 Two-Face
76%
3 Darkseid
75%
23 Scarecrow
72%
8 Deathstroke
69%
83 Killer Croc
67%
4 Sinestro
66%
40 Deadshot
65%
30 Cheetah
63%
7 Ra's al Ghul
62%
81 Clayface
61%
19 Captain Cold
59%
79 The Brain
57%
26 General Zod
53%
5 Brainiac
52%
28 Black Manta
51%
13 Doomsday
51%
85 Zoom
50%
25 Gorilla Grodd
49%
16 Bizarro
47%
47 Ares
46%
55 Talia al Ghul
44%
6 Black Adam
42%
60 Captain Boomerang
42%
35 Solomon Grundy
36%
82 King Shark
33%
84 Black Mask
32%
41 Ocean Master
31%
63 Hush
30%
42 Metallo
30%
50 Hugo Strange
29%
36 Parasite
27%
45 Atrocitus
26%
67 Heat Wave
25%
77 Killer Frost
24%
57 Mirror Master
23%
10 Vandal Savage
23%
56 Ultraman
22%
11 Anti-Monitor
21%
43 Lobo
21%
61 Owlman
21%
53 Trigon
21%
96 Starro
20%
15 Mongul
19%
24 Parallax
19%
32 Amanda Waller
18%
52 Cyborg Superman
18%
69 Circe
17%
89 Giganta
17%
65 Weather Wizard
16%
94 Trickster
15%
18 Maxwell Lord
14%
95 Toyman
14%
27 Desaad
13%
90 Larfleeze
13%
62 Mr. Mxyzptlk
13%
37 Black Hand
12%
72 Court of Owls
12%
74 Clock King
11%
22 Prometheus
11%
44 Amazo
10%
12 Eobard Thawne
10%
92 Brother Blood
9%
71 Ultra-Humanite
9%
59 Dr. Sivana
8%
31 Nekron
8%
70 Shade
7%
51 Despero
6%
76 Merlyn
6%
38 Brother EYE
5%
91 Count Vertigo
5%
49 Eclipso
5%
54 Felix Faust
5%
86 Gentlemen Ghost
5%
68 Klarion
5%
39 Mammoth
5%
58 Hector Hammond
4%
75 Mr. Mind
4%
80 Pied Piper
4%
64 Carol Ferris
2%
100 Doctor Destiny
2%
73 Professor Ivo
2%
98 Shadow-Thief
2%
66 T.O. Morrow
2%
93 Anton Arcane
1%
48 Arthur Light
1%
46 Imperiex
1%
88 Jericho
1%
78 Red Volcano
1%
99 Wotan
1%
97 General Eiling
0%
87 Relic
0%
No matching quizzes found
Score Distribution
Percent of People with Each Score
Percentile by Number Answered
Your Score History
You have not taken this quiz since the last reset